|
|
|
|
| LEADER |
00882nab a2200241 i 4500 |
| 001 |
publ27495 |
| 005 |
20230621082929.0 |
| 008 |
230621s2021 hu o 0|| Magyar d |
| 022 |
|
|
|a 0030-6002
|
| 024 |
7 |
|
|a 10.1556/650.2021.32207
|2 doi
|
| 024 |
7 |
|
|a 32293472
|2 mtmt
|
| 040 |
|
|
|a SZTE Publicatio Repozitórium
|b hun
|
| 041 |
|
|
|a Magyar
|
| 100 |
1 |
|
|a Hamvai Csaba
|
| 245 |
1 |
3 |
|a Az Észlelt Stressz Kérdőív járványspecifikus verziójának validálása [Validation of pandemic-specific version of the Perceived Stress Scale]
|h [elektronikus dokumentum] /
|c Hamvai Csaba
|
| 260 |
|
|
|c 2021
|
| 300 |
|
|
|a 1391-1396
|
| 490 |
0 |
|
|a ORVOSI HETILAP
|v 162 No. 35
|
| 650 |
|
4 |
|a Általános orvostudomány
|
| 650 |
|
4 |
|a Pszichológia
|
| 700 |
0 |
1 |
|a Fáber Ágoston
|e aut
|
| 700 |
0 |
2 |
|a Konkoly Thege Barna
|e aut
|
| 856 |
4 |
0 |
|u http://publicatio.bibl.u-szeged.hu/27495/1/32293472.pdf
|z Dokumentum-elérés
|